00480nmm a2200157Ia 4500008004100000041000800041100001900049245005400068264006500122300001800187490002000205650002200225856005100247942000700298999001700305251105s9999||||xx |||||||||||||||||und|| aspa aSalinas, Pedro 0aEl desnudo impecable y otras narraciones : (1951) a[Washington, Estados Unidos] :bDigitalia Publishing, c2014 a180 páginas aLetras de Plata aSpanish narrative uhttps://public.digitaliapublishing.com/a/30352 cCF c99764d99764